Beyoncé COWBOY CARTER - Statistics

General Stats
  • This quiz has been taken 125 times
  • The average score is 17 of 27
Answer Stats
Hint Answer % Correct
2 BLACKBIIRD
86%
1 AMERIICAN REQUIEM
85%
7 TEXAS HOLD 'EM
85%
27 AMEN
80%
3 16 CARRIAGES
79%
10 JOLENE
78%
26 SWEET HONEY BUCKIIN'
78%
25 TYRANT
74%
5 MY ROSE
72%
20 YA YA
71%
24 II HANDS II HEAVEN
70%
16 II MOST WANTED
70%
4 PROTECTOR
68%
8 BODYGUARD
67%
11 DAUGHTER
63%
12 SPAGHETTII
63%
13 ALLIIGATOR TEARS
61%
22 DESERT EAGLE
60%
18 FLAMENCO
60%
23 RIIVERDANCE
57%
15 JUST FOR FUN
56%
9 DOLLY P
53%
21 OH LOUISIANA
47%
14 SMOKE HOUR II
46%
19 THE LINDA MARTELL SHOW
40%
6 SMOKE HOUR WILLIE NELSON
36%
17 LEVII´S JEANS
1%
No matching quizzes found
Score Distribution
Percent of People with Each Score
Percentile by Number Answered
Your Score History
You have not taken this quiz